Arrêts de la ligne 41 de Rouen - Statistiques

Statistiques générales
  • Ce quiz a été pris 3 fois
  • Le résultat moyen est 23 sur 39
Statistiques - réponses
Ville Arrêt % Correct
Petit Quevilly Ancienne Mare
100%
Petit Quevilly Clément
100%
Petit Quevilly François Truffaut
100%
Sotteville lès R. Hôtel de Ville de Sotteville
100%
Grand Quevilly Les Alliés
100%
Sotteville lès R. Lycée des Bruyères
100%
Petit Quevilly Mairie de Petit Quevilly
100%
Petit Quevilly Néruda
100%
Petit Quevilly Sadako Sasaki
100%
Petit Quevilly / Sotteville lès R. Stade Diochon
100%
Grand Quevilly Brossolette
67%
Grand Quevilly Centre Bois Cany
67%
Petit Quevilly Charles De Gaulle
67%
Petit Quevilly École Gérard Philippe
67%
Sotteville lès R. Gare de Sotteville
67%
Grand Quevilly Gay-Lussac
67%
Petit Quevilly Jardin des Oiseaux
67%
Sotteville lès R. Lycée Marcel Sembat
67%
Saint Étienne du R. Navarre
67%
Saint Étienne du R. Neptune
67%
Saint Étienne du R. Normandie
67%
Grand Quevilly Paul Hurrier
67%
Saint Étienne du R. Vente Olivier
67%
Saint Étienne du R. Basse Seine
33%
Petit Quevilly Église Saint Pierre
33%
Saint Étienne du R. Grande Épine
33%
Sotteville lès R. Jean Rostand
33%
Sotteville lès R. La Bastille
33%
Petit Quevilly Pergaud
33%
Saint Étienne du R. Poulmarch
33%
Sotteville lès R. Quatre Mares
33%
Sotteville lès R. Raspail
33%
Saint Étienne du R. Rond-point des Vaches
33%
Saint Étienne du R. SAGEM
33%
Saint Étienne du R. Sologne
33%
Sotteville lès R. Blanqui
0%
Sotteville lès R. Cité Thuillier
0%
Saint Étienne du R. Fossé Roger
0%
Grand Quevilly Françoise Giroud
0%
Aucun quiz correspondant
Distribution des résultats
% des personnes avec chaque résultat
Percentile par nombre de réponses
Votre historique - résultats
Vous n’avez pas pris ce quiz